000 00774nam a2200253Ia 4500
003 OSt
005 20220928111211.0
006 a|||||r|||| 00| 0
007 ta
008 220927b |||||||| |||| 00| 0 eng d
020 _cINR 749.00
024 _a134080
037 _b054, 14/03/2017, Excel Book International
_cTextual
040 _aSDCL
_cSDCL
_beng
041 _2eng
_aeng
082 _aD6,8(B),277, P4
100 _aStallings William
_9391523
245 0 _aComputer networking with internet protocols and technology
260 _aNew Delhi
_bPearson
_c2004
300 _a660p.
_ccm.
650 _aI I C
942 _hD6,8(B),277, P4
_cTEXL
_2CC
999 _c738859
_d738859